000 00992nam a2200265 a 4500
999 _c10784
_d10784
001 10784
003 BD-JhCC
005 20190319110641.0
008 190319b1978 bg a|||| ||u| 000 0 ben d
035 _a(BD-JhCC)10784
040 _aBD-JhCC
_dBD-JhCC
041 _aben
082 _a581
_bFAT 1978
100 _aফাত্তাহ,ডঃ কাজী আবদুল
245 _aকলেজ বায়োলজি /
_bডঃ কাজী আবদুল ফাত্তাহ।
260 _aঢাকা,
_bজাহাঙ্গীর সন্স ৪২, বাংলা বাজার;
_c1978.
300 _a550/31 p. :
_c20cm
650 _aPlants
700 _aমোহাম্মদ আবুল হাসান ।
700 _aডঃ সৈয়দ হাদীউজ্জামান।
700 _aখুরশীদা বানু
700 _aডঃ দিওয়ান সিরাজুল ইসলাম
942 _2lcc
_cBK